000 00658nam a2200241Ia 4500
003 OSt
005 20221007075446.0
006 a|||||r|||| 00| 0
007 ta
008 221006b |||||||| |||| 00| 0 eng d
024 _a44,377
037 _cTextual
040 _aFLL
_cFLL
_beng
041 _2eng
_aeng
082 _aX:973, Q5
100 _aALEXANDER Nadja
_9693951
245 0 _aNegotiation
_ba how to guide
260 _aNew Delhi
_bLexis Nexis India
_c2015
300 _axxvi,288p.
_ccm.
700 _a HOWIESON Jill
_9693952
942 _hX:973, Q5
_cTEXL
_2CC
999 _c1156167
_d1156167